| 000 | 00414pab a2200169 454500 | ||
|---|---|---|---|
| 008 | 180718b1996 xxu||||| |||| 00| 0 eng d | ||
| 100 | _aLakshminarasaiah, M. | ||
| 245 | _aEconomics and environment | ||
| 260 | _c1996 | ||
| 300 | _ap.1-4 | ||
| 362 | _aMar-Dec | ||
| 650 | _aEconomic and social development | ||
| 650 | _aEnvironmental economics | ||
| 650 | _aEnvironment | ||
| 773 | _aNirnay | ||
| 909 | _a35194 | ||
| 999 |
_c35194 _d35194 |
||